000
00367nam a2200133Ia 4500
008
100328s9999 xx 000 0 und d
082
_b
11245
100
_a
कुलकर्णी वि.म.
245
_a
पाऊल खुणा
260
_b
व्हीनस
630
_a
पाऊल खुणा
730
_a
पाऊल खुणा
942
_c
BOOK
999
_c
506578
_d
506575